ग्राम बांग्ला / (Record no. 113372)

MARC details
000 -LEADER
fixed length control field 01185nam a22002897a 4500
003 - CONTROL NUMBER IDENTIFIER
control field dpl
005 - DATE AND TIME OF LATEST TRANSACTION
control field 20180922131020.0
008 - FIXED-LENGTH DATA ELEMENTS--GENERAL INFORMATION
fixed length control field 180922b ||||| |||| 00| 0 eng d
010 ## - LIBRARY OF CONGRESS CONTROL NUMBER
LC control number B-005820
020 ## - INTERNATIONAL STANDARD BOOK NUMBER
Terms of availability 295.00
035 ## - SYSTEM CONTROL NUMBER
System control number B-005820, B-005824
037 ## - SOURCE OF ACQUISITION
Source of stock number/acquisition Cen Lib/Ret
040 ## - CATALOGING SOURCE
Original cataloging agency DPL
Language of cataloging HN
Transcribing agency 0
082 ## - DEWEY DECIMAL CLASSIFICATION NUMBER
Classification number
Item number महाश्वे
100 ## - MAIN ENTRY--PERSONAL NAME
Personal name महाश्वेता देवी
9 (RLIN) 51943
245 ## - TITLE STATEMENT
Title ग्राम बांग्ला /
Statement of responsibility, etc महाश्वेता देवी; अनुवाद महेश्वर
246 ## - VARYING FORM OF TITLE
Title proper/short title Graam bangla /
Remainder of title by Mahshweta Devi; Maheshwar
260 ## - PUBLICATION, DISTRIBUTION, ETC. (IMPRINT)
Place of publication, distribution, etc नयी दिल्ली
Name of publisher, distributor, etc राधाकृष्ण
Date of publication, distribution, etc 1999
270 ## - ADDRESS
Address 2/38, अंसारी रोड, दरयागंज
City नयी दिल्ली
Postal code 110002
300 ## - PHYSICAL DESCRIPTION
Extent x,314पृ.
Dimensions 20सेमी(सजिल्द )
650 ## - SUBJECT ADDED ENTRY--TOPICAL TERM
Topical term or geographic name as entry element हिंदी साहित्य
General subdivision
Geographic subdivision
9 (RLIN) 51944
650 ## - SUBJECT ADDED ENTRY--TOPICAL TERM
Topical term or geographic name as entry element हिंदी उपन्यास
9 (RLIN) 51945
650 ## - SUBJECT ADDED ENTRY--TOPICAL TERM
Topical term or geographic name as entry element Hindi literature
Form subdivision
9 (RLIN) 51946
650 ## - SUBJECT ADDED ENTRY--TOPICAL TERM
Topical term or geographic name as entry element Hindi fiction
9 (RLIN) 27248
700 ## - ADDED ENTRY--PERSONAL NAME
Personal name महेश्वर
9 (RLIN) 51947
942 ## - ADDED ENTRY ELEMENTS (KOHA)
Source of classification or shelving scheme Dewey Decimal Classification
Koha item type Hindi Books
Classification part
Call number suffix महाश्वे
Holdings
Withdrawn status Lost status Damaged status Not for loan Home library Current library Date acquired Source of acquisition Cost, normal purchase price Total Checkouts Full call number Barcode Date last seen Copy number Cost, replacement price Price effective from Koha item type Source of classification or shelving scheme Collection code Date checked out
        Central Library Central Library 12/08/2015 Cen Lib/Ret 295.00   उ महाश्वे B-005820 12/08/2015 1 295.00 12/08/2015 Hindi Books      
Withdrawn       Central Library Central Library 12/10/2016   295.00   उ महाश्वे B-005813 12/10/2016 2 295.00 12/10/2016 Hindi Books Dewey Decimal Classification    
        Shahdara Branch Shahdara Branch 22/09/2018 BPPD/PUB 295.00 1 उ महाश्वे B-005824 24/02/2019   295.00 22/09/2018 Hindi Books Dewey Decimal Classification Fiction 10/02/2019

© Delhi Public Library
Hit Counter
free hit counter